| 000 | 00650cab a2200193 4500 | ||
|---|---|---|---|
| 001 | WB2516-02 | ||
| 008 | 090401t1989 xxu||||| |||| 00| 0 eng d | ||
| 035 | _a(Sirsi) u16904 | ||
| 041 | _aeng | ||
| 245 | _aGround safety rethink | ||
| 260 | _c1989 | ||
| 350 | _a0 | ||
| 490 |
_aBuilding Design _vno 933, 21/4/89 pp 1 and 3 |
||
| 520 | _aArchitects and football club chiefs are rethinking design s for new stadia in the wake of the Hillsborough disaster. Recommendations for guidelines from the ISE on design of sports grounds are still draft form. | ||
| 650 | _aSHEFFIELD | ||
| 690 | _aBUILT ENVIRONMENT | ||
| 942 | _n0 | ||
| 948 | _c04/03/1997 | ||
| 999 |
_c11193 _d11193 |
||